000 00541nam a2200229Ia 4500
005 20250425161949.0
008 250425s9999 xx 000 0 und d
041 _aspa
082 _a540
100 _aHILDEBRAND, JOEL H.
245 0 _aPRINCIPIOS DE QUIMICA
250 _a1A ED.
260 _aBARCELONA
260 _aEspaƱa
_bMONTANER Y SIMON
_c1966
300 _a385
650 _aQUIMICA
650 _aQUIMICA ORGANICA
650 _aTERMOQUIMICA
700 _aJUAN ROGET PAIJA
_etraductor
942 _c01
010 _a37801
999 _c219770
_d219770